000 00497nam a22001577a 4500
005 20250122053757.0
008 250122b |||||||| |||| 00| 0 eng d
082 _2732
_a305.4
_bINT
245 _aEthic Identity and the Status of Women
_bReport on International workshop held in Colombo, Sri Lanka September 9th - 11th 1984
260 _aKandy
_bInternational Centre for Ethnic Studies
_c1985
300 _a26 p.,
650 _aEthnicity
650 _aWomen
650 _aWomen Studies
942 _cL
999 _c5956
_d5956